000 00381nam a2200145Ia 4500
008 150201s2007 xx 000 0 und d
082 _a612.015
_bB2007V
100 _aVASUDEVAN,DM.
245 _aTEXTBOOK OF BIOCHEMISTRY FOR DENTAL STUDENTS
250 _a1ST
260 _bJAYPEE MEDICAL PUBLISHER
_aDELHI
_c2007
300 _a1-295
650 _aBIOCHEMISTRY
942 _2ddc
_cBK
_08
999 _c3823
_d3823